Properties of Zirconia after Plasma Treatment; AIP Conference Proceedings; Vol. 1882 : Physics of Cancer: Interdisciplinary Problems and Clinical Applications (PC IPCA’17)

Détails bibliographiques
Parent link:AIP Conference Proceedings
Vol. 1882 : Physics of Cancer: Interdisciplinary Problems and Clinical Applications (PC IPCA’17).— 2017.— [020001, 3 p.]
Auteur principal: Alekseenko V. P.
Collectivité auteur: Национальный исследовательский Томский политехнический университет Инженерная школа новых производственных технологий Отделение материаловедения
Autres auteurs: Kulkov S. N. Sergey Nikolaevich
Résumé:Title screen
The influence of high-frequency plasma treatment on the properties of zirconia powder is shown in the work. The powder was produced by a plasma-chemical method. The powders had a foamy form with the size of agglomerates of 5-10 [mu]m and crystallites of 20-50 nm. The powders were treated by the pulse plasma unit with dielectric barrier discharge generator. It was shown that the plasma processing changes the acidity of water-powder suspensions from 8.1 to 4.3 pH, which signifies the powders' wettability improvement. It was revealed that more intensive mixing using ultrasound influences the acidity level, reducing it in comparison with mixing by paddle-type agitator. It was shown that these changes of surface properties have relaxation by 4% per day and extrapolation of this dependence shows that the powder will have initial properties after 400 hours storage at room conditions.
Режим доступа: по договору с организацией-держателем ресурса
Langue:anglais
Publié: 2017
Sujets:
Accès en ligne:https://doi.org/10.1063/1.5001580
http://earchive.tpu.ru/handle/11683/46893
Format: MixedMaterials Électronique Chapitre de livre
KOHA link:https://koha.lib.tpu.ru/cgi-bin/koha/opac-detail.pl?biblionumber=657750

MARC

LEADER 00000nla2a2200000 4500
001 657750
005 20231101135005.0
035 |a (RuTPU)RU\TPU\network\24476 
035 |a RU\TPU\network\24434 
090 |a 657750 
100 |a 20180314a2017 k y0engy50 ba 
101 0 |a eng 
105 |a y z 100zy 
135 |a drcn ---uucaa 
181 0 |a i  
182 0 |a b 
200 1 |a Properties of Zirconia after Plasma Treatment  |f V. P. Alekseenko, S. N. Kulkov 
203 |a Text  |c electronic 
300 |a Title screen 
320 |a [References: 9 tit.] 
330 |a The influence of high-frequency plasma treatment on the properties of zirconia powder is shown in the work. The powder was produced by a plasma-chemical method. The powders had a foamy form with the size of agglomerates of 5-10 [mu]m and crystallites of 20-50 nm. The powders were treated by the pulse plasma unit with dielectric barrier discharge generator. It was shown that the plasma processing changes the acidity of water-powder suspensions from 8.1 to 4.3 pH, which signifies the powders' wettability improvement. It was revealed that more intensive mixing using ultrasound influences the acidity level, reducing it in comparison with mixing by paddle-type agitator. It was shown that these changes of surface properties have relaxation by 4% per day and extrapolation of this dependence shows that the powder will have initial properties after 400 hours storage at room conditions. 
333 |a Режим доступа: по договору с организацией-держателем ресурса 
461 0 |0 (RuTPU)RU\TPU\network\4816  |t AIP Conference Proceedings 
463 0 |0 (RuTPU)RU\TPU\network\24427  |t Vol. 1882 : Physics of Cancer: Interdisciplinary Problems and Clinical Applications (PC IPCA’17)  |o Proceedings of the International conference, 23–26 May 2017, Tomsk, Russia  |f National Research Tomsk Polytechnic University (TPU) ; eds. E. Y. Gutmanas, O. B. Naimark, Yu. P. Sharkeev  |v [020001, 3 p.]  |d 2017 
610 1 |a электронный ресурс 
610 1 |a труды учёных ТПУ 
610 1 |a цирконий 
610 1 |a плазменная обработка 
610 1 |a диоксид циркония 
610 1 |a порошки 
610 1 |a импульсные установки 
610 1 |a смачиваемость 
610 1 |a кислотность 
610 1 |a поверхностные свойства 
700 1 |a Alekseenko  |b V. P. 
701 1 |a Kulkov  |b S. N.  |c specialist in the field of material science  |c Professor of Tomsk Polytechnic University, Doctor of physical and mathematical sciences  |f 1952-  |g Sergey Nikolaevich  |2 stltpush  |3 (RuTPU)RU\TPU\pers\31428 
712 0 2 |a Национальный исследовательский Томский политехнический университет  |b Инженерная школа новых производственных технологий  |b Отделение материаловедения  |h 7871  |2 stltpush  |3 (RuTPU)RU\TPU\col\23508 
801 2 |a RU  |b 63413507  |c 20180321  |g RCR 
856 4 |u https://doi.org/10.1063/1.5001580 
856 4 |u http://earchive.tpu.ru/handle/11683/46893 
942 |c CF